00825nam a22002537a 45000010005000000030006000050050017000110080041000280200018000690400029000870500013001160820008001291000033001372450066001702500022002362600035002583000023002935050007003165200150003235210020004735210019004936500034005126500025005464465FISKH20240913123739.0240911b cb ||||| |||| 00| 0 eng d a9780439240925 aFISKHbengcFISKHdFISKH aPZ7.P338 2813 aPeck, Richardd(1934–2018) aA long way from chicago /cBy Richard Peck A Novel in Stories aPublished in 1998 aNew York :bScholastic,c1998. a150 pages :c20 cm aR  aA boy recounts his annual summer trips to rural Illinois with his sister during the Great Depression to visit their larger-than-life grandmother.8 a750L bLexile 8 aR bRaz-Plus  2Great DepressionaYoung adult 2Newbery HonoraFunny